Monarchs of Luxembourg 1815- - Statistics

General Stats
  • This quiz has been taken 46 times
    43 since last reset
  • The average score is 5 of 9
Answer Stats
Rule Answer % Correct
2000-present Henri
97%
1919-1964 Charlotte
79%
1964-2000 Jean
76%
1815-1840 Guillaume I
52%
1840-1849 Guillaume II
52%
1849-1890 Guillaume III
48%
1890-1905 Adolphe
45%
1912-1919 Marie-Adélaïde
45%
1905-1912 Guillaume IV
41%
No matching quizzes found
Score Distribution
Percent of People with Each Score
Percentile by Number Answered
Your Score History
You have not taken this quiz since the last reset